000 00687cam a22002413a 4500
001 24995
003 PGUSA
005 20140828083534.0
008 080405s2008||||xxu|||||s|||||000 e eng d
040 _aPGUSA
_beng
042 _adc
050 4 _aPR
100 1 _aBecke, Louis,
_d1855-1913
245 1 4 _aThe Americans In The South Seas :
_b1901
_h[electronic resource] /
_cLouis Becke
260 _bProject Gutenberg,
_c2008
506 _aPublic domain in the USA.
516 _aElectronic text
653 _aAmericans -- South Pacific Ocean -- History
653 _aEssays
830 0 _aProject Gutenberg
_v24995
856 4 0 _uhttp://www.gutenberg.org/ebooks/24995
942 _cEB
999 _c254250
_d254250